Online
Catalog

Valoración de Lincoln según Martí / (Record no. 39830)

MARC details
000 -CABECERA
campo de control de longitud fija 00509nam a2200145 a 4500
001 - NÚMERO DE CONTROL
campo de control 000040340
005 - FECHA Y HORA DE LA ÚLTIMA TRANSACCIÓN
campo de control 20201002034053.0
008 - DATOS DE LONGITUD FIJA--INFORMACIÓN GENERAL
campo de control de longitud fija 130822s1961 cu 000 0 spa d
040 ## - FUENTE DE LA CATALOGACIÓN
Centro catalogador/agencia de origen DO-SdBNP
Lengua de catalogación spa
Centro/agencia transcriptor BNPHU
100 1# - ENTRADA PRINCIPAL--NOMBRE DE PERSONA
Nombre de persona Rodríguez Rivero, Luis
9 (RLIN) 66637
245 10 - MENCIÓN DE TÍTULO
Título Valoración de Lincoln según Martí /
Mención de responsabilidad, etc. Luis Rodríguez Rivero ; prólogo Emilio Roig de Leuchsenring.
260 ## - PUBLICACIÓN, DISTRIBUCIÓN, ETC.
Lugar de publicación, distribución, etc. La Habana :
Nombre del editor, distribuidor, etc. Editora la Verdad,
Fecha de publicación, distribución, etc. 1961.
300 ## - DESCRIPCIÓN FÍSICA
Extensión 29 p. ;
Dimensiones 22 cm.
700 1# - PUNTO DE ACCESO ADICIONAL--NOMBRE DE PERSONA
Nombre de persona Roig de Leuchsenring, Emilio
Término indicativo de función/relación pról.
9 (RLIN) 66638
Holdings
Estado de retiro Estado de pérdida Restricciones de uso No para préstamo Código de colección Localización permanente Ubicación/localización actual Ubicación en estantería Fecha de adquisición Número de inventario Total de préstamos Signatura topográfica completa Código de barras Fecha visto por última vez Precio válido a partir de Tipo de ítem Koha Nota pública
      Excluido de préstamo Monografías: Libros y Folletos General General En catalogación 22.08.2013 LF1   40340-10 25.06.2020 25.06.2020 No se presta Perteneció a la biblioteca personal de Federico Henríquez y Carvajal

Powered by Koha